| 000 | 00664nam a22001937a 4500 | ||
|---|---|---|---|
| 005 | 20180503112322.0 | ||
| 010 | _aENG-122862 | ||
| 020 |
_a9788126921454 _c1250.00 |
||
| 035 | _aEN-106394 | ||
| 037 | _bDBAD/PUB | ||
| 082 | _a320.0954 | ||
| 245 |
_aIndian political thought and its contemporary relevance / _ced. by Lopamudra Sengupta |
||
| 260 |
_aNew Delhi _bAtlantic Publishers _c2016 |
||
| 270 |
_a7/22, Ansari Road, Darya Ganj, _bNew Delhi _e110002 _k011-40775252, 23273880 _morders@atlanticbooks.com |
||
| 300 |
_axix, 460p. _c22cm (Hb) |
||
| 500 | _aIt include index | ||
| 700 | _aLopamudra Sengupta | ||
| 942 |
_2ddc _cEN _mIND _h320.0954 |
||
| 999 |
_c151838 _d151838 |
||